Kaupunkeja maittain - Laattavalinta #2 - Statistics

Yleistilastot
  • Tätä visaa on pelattu 549 kertaa
  • Keskiarvotulos 42 / 60
Vastaustilastot
Kysymys Laatta Select % Oikein
Kanadassa sijaitsevat kaupungit Vancouver Kyllä
97%
Kanadassa sijaitsevat kaupungit Montreal Kyllä
96%
Kanadassa sijaitsevat kaupungit Longyearbyen Ei
94%
Puolassa sijaitsevat kaupungit Varsova Kyllä
94%
Puolassa sijaitsevat kaupungit Kiova Ei
93%
Puolassa sijaitsevat kaupungit Vilna Ei
93%
Puolassa sijaitsevat kaupungit Krakova Kyllä
92%
Kanadassa sijaitsevat kaupungit Tacoma Ei
91%
Puolassa sijaitsevat kaupungit Kaliningrad Ei
89%
Puolassa sijaitsevat kaupungit Odessa Ei
88%
Kanadassa sijaitsevat kaupungit Ann Arbor Ei
87%
Puolassa sijaitsevat kaupungit Brno Ei
87%
Kanadassa sijaitsevat kaupungit Calgary Kyllä
87%
Kiinassa sijaitsevat kaupungit Kathmandu Ei
87%
Puolassa sijaitsevat kaupungit Leipzig Ei
87%
Saudi-Arabiassa sijaitsevat kaupungit Manama Ei
87%
Puolassa sijaitsevat kaupungit Brest Ei
86%
Kiinassa sijaitsevat kaupungit Jaipur Ei
86%
Kiinassa sijaitsevat kaupungit Cebu Ei
84%
Saudi-Arabiassa sijaitsevat kaupungit Fujaira Ei
84%
Kiinassa sijaitsevat kaupungit Ulsan Ei
84%
Kanadassa sijaitsevat kaupungit Barrow Ei
83%
Saudi-Arabiassa sijaitsevat kaupungit Riad Kyllä
83%
Saudi-Arabiassa sijaitsevat kaupungit Tel Aviv Ei
83%
Saudi-Arabiassa sijaitsevat kaupungit Dubai Ei
82%
Saudi-Arabiassa sijaitsevat kaupungit Gaza Ei
82%
Puolassa sijaitsevat kaupungit Gdańsk Kyllä
82%
Kiinassa sijaitsevat kaupungit Chengdu Kyllä
80%
Saudi-Arabiassa sijaitsevat kaupungit Jedda Kyllä
79%
Kanadassa sijaitsevat kaupungit Augusta Ei
78%
Saudi-Arabiassa sijaitsevat kaupungit Mekka Kyllä
78%
Nigeriassa sijaitsevat kaupungit Timbuktu Ei
78%
Saudi-Arabiassa sijaitsevat kaupungit Aden Ei
76%
Nigeriassa sijaitsevat kaupungit Cotonou Ei
76%
Saudi-Arabiassa sijaitsevat kaupungit Basra Ei
75%
Puolassa sijaitsevat kaupungit Katowice Kyllä
74%
Nigeriassa sijaitsevat kaupungit Abuja Kyllä
73%
Nigeriassa sijaitsevat kaupungit Bata Ei
73%
Nigeriassa sijaitsevat kaupungit Lagos Kyllä
72%
Kiinassa sijaitsevat kaupungit Kanton Kyllä
71%
Puolassa sijaitsevat kaupungit Łódź Kyllä
71%
Nigeriassa sijaitsevat kaupungit Kumasi Ei
68%
Saudi-Arabiassa sijaitsevat kaupungit Salala Ei
67%
Nigeriassa sijaitsevat kaupungit Douala Ei
66%
Kanadassa sijaitsevat kaupungit Halifax Kyllä
66%
Kiinassa sijaitsevat kaupungit Kaohsiung Ei
45%
Kiinassa sijaitsevat kaupungit Jilin Kyllä
43%
Kanadassa sijaitsevat kaupungit Yellowknife Kyllä
43%
Kanadassa sijaitsevat kaupungit Regina Kyllä
42%
Saudi-Arabiassa sijaitsevat kaupungit Dammam Kyllä
40%
Nigeriassa sijaitsevat kaupungit Kano Kyllä
40%
Kanadassa sijaitsevat kaupungit Iqaluit Kyllä
39%
Kiinassa sijaitsevat kaupungit Lhasa Kyllä
37%
Nigeriassa sijaitsevat kaupungit Ibadan Kyllä
36%
Kiinassa sijaitsevat kaupungit Ürümqi Kyllä
34%
Kiinassa sijaitsevat kaupungit Changwon Ei
33%
Kiinassa sijaitsevat kaupungit Harbin Kyllä
32%
Nigeriassa sijaitsevat kaupungit Aba Kyllä
30%
Nigeriassa sijaitsevat kaupungit Port Harcourt Kyllä
27%
Nigeriassa sijaitsevat kaupungit Benin City Kyllä
17%
Ehtoja vastaavia visoja ei löytynyt
Tulosjakauma
Jokaisen tuloksen saaneiden osuus
Persentiili vastausten määrän mukaan
Tuloshistoriasi
Et ole pelannut tätä visaa